000 00696nam a22001337a 4500
040 _cRUA
082 _aAED LOK 2018 B650 Or.1
100 _aLOK SOKHOUN លុក សុខួន
245 _athe study on economic efficiency of rainy season rice production tapung commune thmor kul district, battambang province ការសិក្សារអំពីប្រសិទ្ធិភាពសេដ្ឋកិច្ចនៃផលិតកម្មស្រូវស្សានៅឃុំតាពូន ស្រុកថ្មគោល ខេត្តបាត់ដំបង
260 _aRUA
_bPhnom penh
_c2018
300 _av;45p
_bill;
_c29cm
856 _u LOK SOKHOUN
942 _cAED
999 _c18392
_d18392